| 000 | 00383nam a2200157Ia 4500 | ||
|---|---|---|---|
| 008 | 230711s9999||||xx |||||||||||||| ||und|| | ||
| 041 | _aENG | ||
| 082 |
_a624 _bTZ-T |
||
| 100 | _aTzonis,Alexander | ||
| 245 | 0 | _aTropical Architecture | |
| 250 | _a1st . Ed. | ||
| 260 |
_c2001 _aNew Delhi _bWiley Eastern Limited |
||
| 650 | _aArchitecture | ||
| 700 | _aLefaivre,Liane | ||
| 942 | _cBK | ||
| 999 |
_c4349 _d4349 |
||